000 00366nam a22001337a 4500
082 _a516.23
_bMAC
_cL-2, P-21.
100 _aW. h. macaulay, m.a.
_939375
245 _aSolid geometry
_bW. h. macaulay, m.a.
260 _aLondon.
_cc1930.
300 _axii, 303 p.
_bill.
_c22 cm.
526 _a0
_b0
_c0
_d516_230000000000000_MAC
650 _aMCE
_9379
942 _2ddc
_cBK
999 _c543873
_d543873